|
|
|
|
| LEADER |
00000nam0a2200000 4500 |
| 001 |
117035 |
| 005 |
20231031123520.0 |
| 010 |
|
|
|a 9785217033744
|
| 035 |
|
|
|a (RuTPU)RU\TPU\book\126653
|
| 090 |
|
|
|a 117035
|
| 100 |
|
|
|a 20070530d2007 m y0rusy50 ca
|
| 101 |
0 |
|
|a rus
|
| 102 |
|
|
|a RU
|
| 105 |
|
|
|a a j 001zy
|
| 200 |
1 |
|
|a Основы технологии машиностроения
|e учебник
|f Б. М. Базров
|
| 205 |
|
|
|a 2-е изд.
|
| 210 |
|
|
|a Москва
|c Машиностроение
|d 2007
|
| 215 |
|
|
|a 736 с.
|c ил.
|
| 225 |
1 |
|
|a Для вузов
|
| 320 |
|
|
|a Библиогр.: с. 736.
|
| 330 |
|
|
|a В первом разделе изложены теоретические основы технологии машиностроения: понятийный аппарат; основы базирования; размерные и временные цепи; модульное описание изделия; основные закономерности технологических процессов, формирования качества изделия и затрат времени в процессе его изготовления; математическое описание и решение типовых технологических задач методом математического моделирования. Рассмотрены методы достижения заданного качества изделий, повышения производительности и эффективности изготовления изделий. Во втором разделе учебника изложены методические основы разработки технологических процессов сборки изделий и изготовления деталей с использованием принципов модульной технологии. В третьем разделе раскрываются основы технологической подготовки производства: основные функции, элементная база технологического обеспечения и вопросы автоматизации технологической подготовки. Учебник предназначен для студентов машиностроительных вузов, технических университетов, может быть полезен аспирантам, а также работникам машиностроительных предприятий.
|
| 451 |
|
1 |
|0 (RuTPU)RU\TPU\book\73794
|y 5-217-03255-3
|t Основы технологии машиностроения
|o учебник
|f Б. М. Базров
|c М.
|n Машиностроение
|d 2005
|p 736 с.
|s Для вузов
|a Базров, Борис Мухтарбекович
|
| 610 |
1 |
|
|a машиностроение
|
| 610 |
1 |
|
|a технология
|
| 610 |
1 |
|
|a машиностроительные изделия
|
| 610 |
1 |
|
|a качество
|
| 610 |
1 |
|
|a размерные цепи
|
| 610 |
1 |
|
|a временные цепи
|
| 610 |
1 |
|
|a технологические процессы
|
| 610 |
1 |
|
|a погрешности
|
| 610 |
1 |
|
|a затраты времени
|
| 610 |
1 |
|
|a себестоимость
|
| 610 |
1 |
|
|a математическое моделирование
|
| 610 |
1 |
|
|a точность
|
| 610 |
1 |
|
|a расчеты
|
| 610 |
1 |
|
|a изготовление
|
| 610 |
1 |
|
|a сборка
|
| 610 |
1 |
|
|a технологическая подготовка
|
| 610 |
1 |
|
|a автоматизация
|
| 610 |
1 |
|
|a учебники
|
| 675 |
|
|
|a 621.002(075.8)
|v 3
|
| 700 |
|
1 |
|a Базров
|b Б. М.
|g Борис Мухтарбекович
|
| 801 |
|
1 |
|a RU
|b 63413507
|c 20070530
|g PSBO
|
| 801 |
|
2 |
|a RU
|b 63413507
|c 20220331
|g PSBO
|
| 900 |
|
|
|a Основы технологии машиностроения
|
| 900 |
|
|
|a Технология машиностроения
|
| 900 |
|
|
|a Технология машиностроительного производства
|
| 942 |
|
|
|c BK
|
| 952 |
|
|
|b 150900
|b 151000
|
| 959 |
|
|
|a 46/20070529
|d 5
|e 630,00
|f АНЛ:1
|f ЧЗТЛ:1
|f УФ:3
|
| 959 |
|
|
|a 69/20110826
|d 10
|e 440,00
|f УФ:10
|